<?xml version="1.0" encoding="UTF-8"?><?xml-stylesheet type="text/xsl" href="static/style.xsl"?><OAI-PMH xmlns="http://www.openarchives.org/OAI/2.0/" xmlns:xsi="http://www.w3.org/2001/XMLSchema-instance" xsi:schemaLocation="http://www.openarchives.org/OAI/2.0/ http://www.openarchives.org/OAI/2.0/OAI-PMH.xsd"><responseDate>2026-04-17T11:43:04Z</responseDate><request verb="GetRecord" identifier="oai:riubu.ubu.es:10259/4502" metadataPrefix="marc">https://riubu.ubu.es/oai/request</request><GetRecord><record><header><identifier>oai:riubu.ubu.es:10259/4502</identifier><datestamp>2022-04-26T11:42:10Z</datestamp><setSpec>com_10259_2699</setSpec><setSpec>col_10259_2703</setSpec></header><metadata><record xmlns="http://www.loc.gov/MARC21/slim" xmlns:doc="http://www.lyncode.com/xoai" xmlns:xsi="http://www.w3.org/2001/XMLSchema-instance" xmlns:dcterms="http://purl.org/dc/terms/" xsi:schemaLocation="http://www.loc.gov/MARC21/slim http://www.loc.gov/standards/marcxml/schema/MARC21slim.xsd">
<leader>00925njm 22002777a 4500</leader>
<datafield tag="042" ind1=" " ind2=" ">
<subfield code="a">dc</subfield>
</datafield>
<datafield tag="720" ind1=" " ind2=" ">
<subfield code="a">Fernández Pastor, Sergio</subfield>
<subfield code="e">author</subfield>
</datafield>
<datafield tag="260" ind1=" " ind2=" ">
<subfield code="c">2017</subfield>
</datafield>
<datafield tag="520" ind1=" " ind2=" ">
<subfield code="a">La tesis presentada procura analizar, conocer y explicar un aspecto concreto del universo histórico educativo que la Segunda República por su cantidad y significación en las actuaciones acaecidas en la época. Concentraremos nuestro interés en la Comunidad Autónoma de La Rioja y dentro de los diferentes aspectos del reformismo educativo republicano, en los Consejos de Protección Escolar como estamentos propulsores de innovaciones y desarrollos metodológicos, desde su propia concepción político-administrativa hasta su efectiva puesta en marcha y finalización. Se describe y contextualiza dentro del espacio político, social y educativo las diferentes actuaciones y relaciones establecidas en los Consejos de Protección Escolar  con distintos estamentos, la Primera enseñanza será centro del reformismo republicano. Finalmente aparece un balance a cerca de lo que queda tras el fin de este periodo republicano y sus consecuencias en el espectro educativo destacando los elementos y actores protagonistas, los maestros y su labor.</subfield>
</datafield>
<datafield tag="024" ind2=" " ind1="8">
<subfield code="a">http://hdl.handle.net/10259/4502</subfield>
</datafield>
<datafield tag="024" ind2=" " ind1="8">
<subfield code="a">10.36443/10259/4502</subfield>
</datafield>
<datafield ind1=" " ind2=" " tag="653">
<subfield code="a">Segunda República</subfield>
</datafield>
<datafield ind1=" " ind2=" " tag="653">
<subfield code="a">educación</subfield>
</datafield>
<datafield ind1=" " ind2=" " tag="653">
<subfield code="a">maestros</subfield>
</datafield>
<datafield ind1=" " ind2=" " tag="653">
<subfield code="a">Consejos de Protección escolar</subfield>
</datafield>
<datafield ind1=" " ind2=" " tag="653">
<subfield code="a">La Rioja</subfield>
</datafield>
<datafield ind1=" " ind2=" " tag="653">
<subfield code="a">Second Republic</subfield>
</datafield>
<datafield ind1=" " ind2=" " tag="653">
<subfield code="a">education</subfield>
</datafield>
<datafield ind1=" " ind2=" " tag="653">
<subfield code="a">teachers</subfield>
</datafield>
<datafield ind1=" " ind2=" " tag="653">
<subfield code="a">School Protection Councils</subfield>
</datafield>
<datafield tag="245" ind1="0" ind2="0">
<subfield code="a">Los Consejos de Protección Escolar en La Rioja durante la Segunda República (1931-1936): innovaciones y desarrollos metodológicos</subfield>
</datafield>
</record></metadata></record></GetRecord></OAI-PMH>